Hebrews : (Record no. 9150)
[ view plain ]
| 000 -LEADER | |
|---|---|
| fixed length control field | 02207cam a2200385 i 4500 |
| 001 - CONTROL NUMBER | |
| control field | 39368475 |
| 003 - CONTROL NUMBER IDENTIFIER | |
| control field | OCoLC |
| 005 - DATE AND TIME OF LATEST TRANSACTION | |
| control field | 20241126110706.0 |
| 007 - PHYSICAL DESCRIPTION FIXED FIELD--GENERAL INFORMATION | |
| fixed length control field | ta |
| 008 - FIXED-LENGTH DATA ELEMENTS--GENERAL INFORMATION | |
| fixed length control field | 980617s1998 miu b 001 0 eng |
| 010 ## - | |
| -- | 98029708 |
| 020 ## - INTERNATIONAL STANDARD BOOK NUMBER | |
| International Standard Book Number | 0310493900 |
| 020 ## - INTERNATIONAL STANDARD BOOK NUMBER | |
| International Standard Book Number | 9780310493907 |
| 035 ## - SYSTEM CONTROL NUMBER | |
| System control number | (OCoLC)39368475 |
| 040 ## - CATALOGING SOURCE | |
| Original cataloging agency | DLC |
| Language of cataloging | eng |
| Description conventions | rda |
| Transcribing agency | DLC |
| Modifying agency | BAKER |
| -- | NLGGC |
| -- | BTCTA |
| -- | YDXCP |
| -- | DEBBG |
| -- | BDX |
| -- | OUP |
| -- | OCLCF |
| -- | AUTTC |
| -- | CHC |
| -- | NZABT |
| -- | OCLCO |
| -- | OCLCA |
| -- | MNLUT |
| -- | OCLCQ |
| -- | OCLCO |
| -- | SJG |
| -- | OCLCQ |
| -- | OCLCA |
| -- | CNCMU |
| -- | AQ3 |
| -- | CIRBC |
| 050 00 - | |
| -- | BS2775.3 |
| -- | .G865 1998 |
| 082 00 - DEWEY DECIMAL CLASSIFICATION NUMBER | |
| Classification number | 220.77 |
| -- | 227.87077 |
| Edition information | 21 |
| Item number | NIV |
| 092 0# - LOCALLY ASSIGNED DEWEY CALL NUMBER (OCLC) | |
| Filing suffix | R |
| Classification number | 220.77 |
| Item number | N734 |
| 100 1# - MAIN ENTRY--PERSONAL NAME | |
| Personal name | Guthrie, George H., |
| Dates associated with a name | 1959- |
| Relator term | author. |
| 9 (RLIN) | 15959 |
| 245 10 - TITLE STATEMENT | |
| Title | Hebrews : |
| Remainder of title | the NIV application commentary from biblical text-- to contemporary life / |
| Statement of responsibility, etc. | George H. Guthrie. |
| 264 #1 - PRODUCTION, PUBLICATION, DISTRIBUTION, MANUFACTURE, AND COPYRIGHT NOTICE | |
| Place of production, publication, distribution, manufacture | Grand Rapids, MI : |
| Name of producer, publisher, distributor, manufacturer | Zondervan, |
| Date of production, publication, distribution, manufacture, or copyright notice | [1998] |
| 264 #4 - PRODUCTION, PUBLICATION, DISTRIBUTION, MANUFACTURE, AND COPYRIGHT NOTICE | |
| Date of production, publication, distribution, manufacture, or copyright notice | ℗♭1998. |
| 300 ## - PHYSICAL DESCRIPTION | |
| Extent | 468 pages ; |
| Dimensions | 24 cm. |
| 336 ## - CONTENT TYPE | |
| Content type term | text |
| Content type code | txt |
| Source | rdacontent |
| 337 ## - MEDIA TYPE | |
| Media type term | unmediated |
| Media type code | n |
| Source | rdamedia |
| 338 ## - CARRIER TYPE | |
| Carrier type term | volume |
| Carrier type code | nc |
| Source | rdacarrier |
| 490 1# - SERIES STATEMENT | |
| Series statement | NIV application commentary |
| 504 ## - BIBLIOGRAPHY, ETC. NOTE | |
| Bibliography, etc. note | Includes bibliographical references and indexes. |
| 505 0# - FORMATTED CONTENTS NOTE | |
| Formatted contents note | Series Introduction -- General Editor's Preface -- Author's Preface -- Abbreviations -- Introduction -- Outline of Hebrews -- Annotated Bibliography -- Text and Commentary on Hebrews -- Scripture Index -- Subject Index. |
| 520 ## - SUMMARY, ETC. | |
| Summary, etc. | Most Bible commentaries take us on a one-way trip from the twentieth century to the first century. But they leave us there, assuming that we can somehow make the return journey on our own. In other words, they focus on the original meaning of the passage but don't discuss its contemporary application. The information they offer is valuable but the job is only half done! The NIV Application Commentary Series helps us with both halves of the interpretative task. This new and unique series shows readers how to bring an ancient message into modern context. It explains not only what the Bible meant but also how it can speak powerfully today. |
| 630 00 - SUBJECT ADDED ENTRY--UNIFORM TITLE | |
| Uniform title | Bible. |
| Name of part/section of a work | Hebrews |
| Form subdivision | Commentaries. |
| 9 (RLIN) | 884 |
| 655 #7 - INDEX TERM--GENRE/FORM | |
| Genre/form data or focus term | Commentaries. |
| Source of term | fast |
| Authority record control number or standard number | (OCoLC)fst01423723 |
| 9 (RLIN) | 875 |
| 830 #0 - | |
| -- | NIV application commentary. |
| -- | 1769 |
| 942 ## - ADDED ENTRY ELEMENTS (KOHA) | |
| Source of classification or shelving scheme | Dewey Decimal Classification |
| Koha item type | Reference Books |
| Withdrawn status | Lost status | Source of classification or shelving scheme | Damaged status | Not for loan | Home library | Current Library | Shelving location | Date acquired | Total checkouts | Full call number | Barcode | Date last seen | Copy number | Price effective from | Koha item type |
|---|---|---|---|---|---|---|---|---|---|---|---|---|---|---|---|
| Dewey Decimal Classification | GRACE BIBLE COLLEGE | GRACE BIBLE COLLEGE | Commentary | 2022-04-18 | 220.77 NIV | 015561 | 2025-05-01 | v.38 | 2022-04-18 | Reference Books |